000 00886ngm a22003490a 4500
001 PT20756
003 AR-LpoUNG
005 20210202000323.0
007 vd cvaizq
008 191001s1990||||ag |||||||||||||||||spa d
037 _c$8.3
040 _aAR-LpoUNG
_bspa
_cAR-LpoUNG
_eaacr
041 _aspa
044 _aag
082 0 _a863 629seg
100 1 _aAntín, Manuel
_edir.
245 1 0 _aDon Segundo Sombra
260 _aBuenos Aires :
_bNorma Vigo,
_c[1990].
300 _aDVD (110 min.) : son., col.
520 _a<p>Pel&iacute;cula basada en la novela de Ricardo Guiraldes.</p>
650 4 _aARGENTINA
650 4 _aLITERATURA
650 4 _aNOVELAS
653 _aCINE ARGENTINO
653 _aDESARRAIGO
653 _aIDENTIDAD
653 _aLITERATURA ARGENTINA
653 _aRICARDO GUIRALDES
653 _aVIDEOS
905 _a20756
942 _cDVD
999 _c54617
_d54617